El gran libro de la moda contemporánea / (Registro nro. 11427)

Detalles MARC
000 -LIDER
fixed length control field 00835nam a22002777a 4500
001 - NÚMERO DE CONTROL
Identificador de número de control 00114011
003 - IDENTIFICACDOR DE NÚMERO DE CONTROL
control field DO-SdBNP
005 - DATE AND TIME OF LATEST TRANSACTION
control field 20160928110544.0
007 - CAMPOS FIJOS DE DESCRIPCIÓN FÍSICA
fixed length control field 00114011
008 - ELEMENTOS DE LONGITUD FIJA
fixed length control field 160916b 2011 sp||||| |||| 00| 0 spa d
020 ## - ISBN
International Standard Book Number 9789962040033
040 ## - FUENTE DE CATALOGACIÓN
Agencia que crea de manera original el registro BPMSU
Idioma de catalogación spa
Agencia que realiza la transcripción BPMSU
082 ## - NÚMERO DE CLASIFICACIÓN DECIMAL DE DEWEY
Classification number 746.92
Item number H632g
100 1# - ASIENTO PRINCIPAL -- NOMBRE PERSONAL
Nombre personal Hidalgo, Marta R.
245 13 - MENCIÓN DE TITULO
Título El gran libro de la moda contemporánea /
Mención de responsabilidad Marta R. Hidalgo ; coordinación editorial Anja Liorella Oriol
260 ## - PUBLICACIÓN, DISTRIBUCIÓN, ETC. (PIE DE IMPRENTA)
Lugar de publicación, distribución, etc Barcelona, España :
Nombre del editor, distribuidor, etc. Lexus,
Fecha de publicación, distribución, etc 2011.
300 ## - DESCRIPCIÓN FÍSICA
Extensión 599 p. :
Otros detalles físicos il.,
Dimensiones 30 cm.
650 #4 - ENCABEZAMIENTO DE MATERIA--TEMÁTICO
Término temático o nombre geográfico como elemento de entrada MODA
650 #4 - ENCABEZAMIENTO DE MATERIA--TEMÁTICO
Término temático o nombre geográfico como elemento de entrada PRENDAS DE VESTIR
650 #4 - ENCABEZAMIENTO DE MATERIA--TEMÁTICO
Término temático o nombre geográfico como elemento de entrada CORTE Y CONFECCIÓN
650 #4 - ENCABEZAMIENTO DE MATERIA--TEMÁTICO
Término temático o nombre geográfico como elemento de entrada DISEÑO DE VESTIDOS
650 #4 - ENCABEZAMIENTO DE MATERIA--TEMÁTICO
Término temático o nombre geográfico como elemento de entrada PRENDAS DE VESTIR PARA MUJERES
700 12 - ASIENTO SECUNDARIO -- NOMBRE PERSONAL
Nombre personal Oriol, Anja Liorella
Mención de responsabilidad coord.
942 ## - ADDED ENTRY ELEMENTS (KOHA)
Source of classification or shelving scheme Dewey Decimal Classification
Koha item type Libros
956 ## - LOCAL ELECTRONIC LOCATION AND ACCESS (OCLC)
Nombre de host BTAVÁREZ
Número de acceso 10
Información de compresión 20161609
Trayectoria 00114011
Existencias
Withdrawn status Lost status Source of classification or shelving scheme Damaged status Not for loan Collection code Home library Current library Date acquired Source of acquisition Total Checkouts Full call number Barcode Date last seen Price effective from Koha item type Copy number
    Dewey Decimal Classification     Colección General Biblioteca Pública Metropolitana Salomé Ureña Biblioteca Pública Metropolitana Salomé Ureña 09/16/2016 Compra   746.92 H632g BPMSU16090376 09/16/2016 09/16/2016 Libros  
    Dewey Decimal Classification     Colección General Biblioteca Pública Metropolitana Salomé Ureña Biblioteca Pública Metropolitana Salomé Ureña 09/16/2016 Compra   746.92 H632g BPMSU16090377 09/16/2016 09/16/2016 Libros ej. 2
    Dewey Decimal Classification     Colección General Biblioteca Pública Metropolitana Salomé Ureña Biblioteca Pública Metropolitana Salomé Ureña 09/16/2016 Compra   746.92 H632g BPMSU16090378 09/16/2016 09/16/2016 Libros ej. 3